000 00520nam a2200181Ia 4500
999 _c14765
_d14765
003 OSt
005 20201021101240.0
008 190216s9999||||xx |||||||||||||| ||und||
020 _a9780192834799
040 _coclc
082 _a398.22
_bMAC/A
100 _aMack, Robert L
_96002
245 0 _aArabian Nights Entertainments /
_cRobert L Mack
260 _bOxford University Press ,
_c1995.
_aNew York:
300 _a939p
650 _aEnglish
942 _cBK
_2ddc
_h398.22
_iMAC/A
_k398.22
_mMAC/A